000 00724cam a22002291 4500
001 af 48004547
003 DLC
005 20260227110908.0
008 881208s1944 fr f 000 0 fre c
010 _aaf 48004547
035 _a(OCoLC)18861372
040 _aCalifornia. Univ. Libr.
_cCU
_dCU
_dDLC
042 _apremarc
050 0 0 _aDC611.P958
_bV315
082 _a914.49
100 1 _aVaudoyer, Jean-Louis,
_d1883-
245 1 0 _aBeautés de la Provence.
_cÉd. en un seul volume, illus. de photographies par E. Boudot-Lamotte.
260 _a[Paris]
_bB. Grasset,
_c1943 [i.e. 1944]
300 _a519 p.
_bplates.
_c20 cm.
651 0 _aProvence (France)
_xDescription and travel.
700 2 _aBoudot-Lamotte, Emmanuel.
999 _c6104
_d6104